The electron microscope. (Record no. 543519)

000 -LEADER
fixed length control field 00508cam a22001691 4500
082 ## - DEWEY DECIMAL CLASSIFICATION NUMBER
Classification number 502.82
Author Mark COS
-- L-11 P-19.
100 1# - MAIN ENTRY--PERSONAL NAME
Personal name Cosslett, V. E.
9 (RLIN) 38901
245 14 - TITLE STATEMENT
Title The electron microscope.
Statement of responsibility, etc. V. E.Cosslett
260 ## - PUBLICATION, DISTRIBUTION, ETC.
Place of publication, distribution, etc. [London]
Name of publisher, distributor, etc. Sigma
Date of publication, distribution, etc. [1947]
300 ## - PHYSICAL DESCRIPTION
Extent viii, 128 p.
Other physical details illus.
Dimensions 19 cm.
490 0# - SERIES STATEMENT
Series statement Sigma introductions to science,
526 ## - STUDY PROGRAM INFORMATION NOTE
Program name 0
Interest level 0
Reading level 0
Title point value 502_820000000000000_COS
650 #0 - SUBJECT ADDED ENTRY--TOPICAL TERM
Topical term or geographic name entry element Electron microscopes.
9 (RLIN) 38902
650 #0 - SUBJECT ADDED ENTRY--TOPICAL TERM
Topical term or geographic name entry element Electron optics.
9 (RLIN) 38903
650 #0 - SUBJECT ADDED ENTRY--TOPICAL TERM
Topical term or geographic name entry element MCE
9 (RLIN) 379
942 ## - ADDED ENTRY ELEMENTS (KOHA)
Source of classification or shelving scheme
Koha item type Book
Holdings
Withdrawn status Lost status Source of classification or shelving scheme Damaged status Not for loan Permanent Location Current Location Date acquired Total Checkouts Full call number Barcode Date last seen Price effective from Koha item type
          Military College of Engineering (MCE) Military College of Engineering (MCE) 03/26/2014   502.82 COS MCE-40738 03/26/2014 03/26/2014 Book
© 2023 Central Library, National University of Sciences and Technology. All Rights Reserved.